Nuevas tecnologías y educación (Record no. 21020)

MARC details
000 -LEADER
campo de control de longitud fija 01498nmm a2200481 a 4500
003 - IDENTIFICADOR DE NÚMERO DE CONTROL
campo de control AR-BaBNM
005 - FECHA Y HORA DE LA ÚLTIMA TRANSACCIÓN
campo de control 20251128211750.0
008 - DATOS DE LONGITUD FIJA--INFORMACIÓN GENERAL
campo de control de longitud fija 236020sc200 ||||||||||||||000 | spa||
020 ## - NÚMERO INTERNACIONAL ESTÁNDAR DEL LIBRO
Número Internacional Estándar del Libro 84-205-4162-1
040 ## - FUENTE DE CATALOGACIÓN
Centro/agencia transcriptor AR-BaBNM
245 10 - MENCIÓN DEL TÍTULO
Título Nuevas tecnologías y educación
260 ## - PUBLICACIÓN, DISTRIBUCIÓN, ETC.
Lugar de publicación, distribución, etc. Madrid
Nombre del editor, distribuidor, etc. Pearson-Prentice Hall
Fecha de publicación, distribución, etc. c2004
300 0# - DESCRIPCIÓN FÍSICA
Extensión 240 p.
504 ## - NOTA DE BIBLIOGRAFÍA, ETC.
Nota de bibliografía, etc. Nota Contiene referencias bibliográficas al final de cada capítulo
650 #4 - PUNTO DE ACCESO ADICIONAL DE MATERIA--TÉRMINO DE MATERIA
Término de materia o nombre geográfico como elemento de entrada ALFABETIZACION
650 #4 - PUNTO DE ACCESO ADICIONAL DE MATERIA--TÉRMINO DE MATERIA
Término de materia o nombre geográfico como elemento de entrada ENSENANZA UNIVERSITARIA
650 #4 - PUNTO DE ACCESO ADICIONAL DE MATERIA--TÉRMINO DE MATERIA
Término de materia o nombre geográfico como elemento de entrada TECNOLOGIA EDUCATIVA
653 #0 - TÉRMINO DE INDIZACIÓN--NO CONTROLADO
Término no controlado NUEVAS TECNOLOGIAS
653 #0 - TÉRMINO DE INDIZACIÓN--NO CONTROLADO
Término no controlado PROBLEMAS EDUCATIVOS
653 #0 - TÉRMINO DE INDIZACIÓN--NO CONTROLADO
Término no controlado EDUCACION SUPERIOR
653 #0 - TÉRMINO DE INDIZACIÓN--NO CONTROLADO
Término no controlado EDUCACION VIRTUAL
700 1# - ENTRADA AGREGADA--NOMBRE PERSONAL
Nombre de persona Martínez Sánchez, Francisco
Término indicativo de función/relación coordinador
700 1# - ENTRADA AGREGADA--NOMBRE PERSONAL
Nombre de persona Prendes Espinosa, María Paz
Término indicativo de función/relación coordinador
700 1# - ENTRADA AGREGADA--NOMBRE PERSONAL
Nombre de persona Area Moreira, Manuel
700 1# - ENTRADA AGREGADA--NOMBRE PERSONAL
Nombre de persona Bartolomé, Antonio
700 1# - ENTRADA AGREGADA--NOMBRE PERSONAL
Nombre de persona Cabero Almenara, Julio
700 1# - ENTRADA AGREGADA--NOMBRE PERSONAL
Nombre de persona Cebrián de la Serna, Manuel
700 1# - ENTRADA AGREGADA--NOMBRE PERSONAL
Nombre de persona Dir, Peter J.
700 1# - ENTRADA AGREGADA--NOMBRE PERSONAL
Nombre de persona Dorrego, Elena
700 1# - ENTRADA AGREGADA--NOMBRE PERSONAL
Nombre de persona Escudero Muñoz, Juan Manuel
700 1# - ENTRADA AGREGADA--NOMBRE PERSONAL
Nombre de persona González Soto, Angel-Pío
700 1# - ENTRADA AGREGADA--NOMBRE PERSONAL
Nombre de persona Kerckhove, Derrick de
700 1# - ENTRADA AGREGADA--NOMBRE PERSONAL
Nombre de persona Pons, Juan de Pablos
700 1# - ENTRADA AGREGADA--NOMBRE PERSONAL
Nombre de persona Ríoz Ariza, José Manuel
700 1# - ENTRADA AGREGADA--NOMBRE PERSONAL
Nombre de persona Romero Medina, Agustín
700 1# - ENTRADA AGREGADA--NOMBRE PERSONAL
Nombre de persona Salinas, Jesús
700 1# - ENTRADA AGREGADA--NOMBRE PERSONAL
Nombre de persona Silvio, José
700 1# - ENTRADA AGREGADA--NOMBRE PERSONAL
Nombre de persona Villar Angulo, Luis Miguel
700 1# - ENTRADA AGREGADA--NOMBRE PERSONAL
Nombre de persona Viñao Frago, Antonio
700 1# - ENTRADA AGREGADA--NOMBRE PERSONAL
Nombre de persona Rodríguez Diéguez, José Luis
Término indicativo de función/relación prologuista
942 ## - ELEMENTOS DE ENTRADA SECUNDARIOS (KOHA)
Tipo de ítem Koha Libros
998 ## - INFORMACIÓN DE CONTROL LOCAL (RLIN)
Iniciales del catalogador, CIN (RLIN) me-solo cat
Holdings
Estatus retirado Estado de pérdida Fuente de la clasificación o esquema de estantería Estado de daño No para préstamo Biblioteca de origen Biblioteca actual Fecha de adquisición Total de préstamos Signatura topográfica completa Código de barras Visto por última vez Precio de reemplazo Tipo de ítem Koha Fuente de adquisición
    Clasificación Decimal Dewey     Liberty Liberty 28/11/2025   371.68 MARS 141793 28/11/2025 28/11/2025 Libros  
    Clasificación Decimal Dewey     Liberty Liberty 28/11/2025   371.68 MARS 143070 28/11/2025 28/11/2025 Libros C-BP-014